000 01094nam a2200265Ia 4500
003 OSt
005 20221005110812.0
006 a|||||r|||| 00| 0
007 ta
008 221004b |||||||| |||| 00| 0 hin d
020 _a9788126705667 (hbk)
_c350
024 _a21116
037 _bBR8456, 23/03/2015, Rajkamal Prakashan Pvt. Ltd.
_cTextual
040 _aCRL
_cCRL
_bhin
041 _2hin
_ahin
082 _aO152,6N41x, Q2
100 _aवाजपेयी, अशोक
245 0 _aपाव भर जीरे में ब्रह्मभोज
_b एक कवि - आलोचक के आत्मवृत्त
246 _aPāv bhar jīre mean brahmabhoja: ek kavi - ālochak ke ātmavṛutta
260 _aनई दिल्ली
_bराजकमल प्रकाशन भारत
_c2003
300 _a286पृ0
_ccm.
650 _aहिन्दी साहित्य
942 _hO152,6N41x, Q2
_cTEXL
_2cc
999 _c1019931
_d1019931